000 00549nam a2200193Ia 4500
005 20250508164840.0
008 008 250505s9999 xx 000 0 eng d
037 _aDissertations
040 _aFEDL
_beng
_cFEDL
041 _aeng
_2eng
084 _a513, SHA/DI
_qFEDL
100 _aSharma Garima
_9552096
245 0 _aConstruction of errors in solving arithmetic problem"
260 _c2008
300 _a239p.
546 _aM. Ed. Dissertation (Delhi University)
942 _cDIS
_h513, SHA/DI
999 _c1391565
_d1391565